000 00420 a2200133 4500
999 _c12794
_d12794
008 240705b ||||| |||| 00| 0 eng d
020 _a ‎ 9781864709087
082 _a 720 BEL
100 _a Vladimir Belogolovsky
245 _aImagine Buildings Floating like Clouds: Thoughts and Visions on Contemporary Architecture from 101 Key Creatives
260 _bImages Publishing
_c 2022
300 _a255p;
942 _2ddc